Most reviewed places on Google Maps - Statistics

General Stats
  • This quiz has been taken 37 times
  • The average score is 11 of 30
Answer Stats
# Place Country Reviews Clue % Correct
4 Eiffel Tower France 252 257 Historical landmark, Paris
97%
3 Colosseum Italy 252 619 Historical landmark, Roma
85%
9 Central Park United States of America 212 225 Park, New York City
79%
11 Louvre Museum France 210 199 Museum, Paris
79%
14 Taj Mahal India 185 552 Monument, Agra
76%
2 Trevi Fountain Italy 259 704 Fountain, Roma
68%
10 Disneyland Paris France 210 891 Amusement Park, Paris
65%
21 La Sagrada Familia Spain 154 449 Basilica, Barcelona
59%
20 Times Square United States of America 157 786 Plaza, New York
59%
6 Walt Disney World United States of America 219 197 Amusement Park, Orlando
59%
30 Buckingham Palace United Kingdom 138 316 Palace, London
56%
23 Red Square Russia 147 885 Plaza, Moscow
53%
1 Masjid al-Haram Saudi Arabia 280 718 Mosque, Mecca
47%
26 Arc de Triomphe France 144 961 Monument, Paris
44%
17 The Dubai Mall United Arab Emirates 166 161 Shopping mall, Dubai
38%
24 Pantheon Italy 147 829 Monument, Roma
26%
22 Alexanderplatz Germany 153 839 Plaza, Berlin
24%
5 Gateway Of India Mumbai India 241 786 Historical place, Mumbai
15%
27 Puerta del Sol Spain 143 314 Plaza, Madrid
9%
8 Ibirapuera Park Brazil 214 069 Park, São Paulo
6%
13 India Gate India 200 658 Monument, New Delhi
6%
16 Mysore Palace India 174 583 Historical place, Mysuru
6%
7 Zócalo Mexico 217 575 Main square, Mexico City
6%
12 Al Masjid an Nabawi Saudi Arabia 205 813 Mosque, Medina
3%
25 Basilica of the National Shrine of Our Lady of Aparecida Brazil 145 345 Basilica, Aparecida, State of São Paulo
3%
15 Bosque de Chapultepec Mexico 185 002 Park, Mexico City
3%
28 LuLu International Shopping Mall India 141 362 Shopping mall, Kochi, Kerala
3%
18 Maidan India 166 127 Park, Kolkata
3%
19 Mercado Municipal de São Paulo Brazil 158 306 Market, São Paulo
3%
29 Sri Harmandir Sahib India 139 398 Temple, Amritsar, Punjab
3%
No matching quizzes found
Score Distribution
Percent of People with Each Score
Percentile by Number Answered
Your Score History
You have not taken this quiz